| 000 | 02889cam a22005174i 4500 | ||
|---|---|---|---|
| 003 | PE-LiUPU | ||
| 005 | 20250731172807.0 | ||
| 008 | 150617s1957 sp r 000 0 spa d | ||
| 035 | _a(Sirsi) a13411 | ||
| 040 |
_aPE-LiUPU _bspa _cPE-LiUPU _erda |
||
| 049 | _aPRUA | ||
| 082 | 0 | 4 |
_a226.6 _bR53 _221 |
| 100 | 1 |
_aRicciotti, Giuseppe, _eautor. |
|
| 245 | 1 | 4 |
_aLos Hechos de los Apóstoles: traducción y comentario / _cGiuseppe Ricciotti. |
| 264 | 1 |
_aBarcelona : _bLuis Miracle, _c1957. |
|
| 300 |
_a466 páginas : _bil. ; _c25 centímetros |
||
| 336 |
_atext _2rdacontent |
||
| 337 |
_aunmediated _2rdamedia |
||
| 338 |
_avolume _2rdacarrier |
||
| 505 | 0 | _aDe la Ascensión a Pentecostés -- La Pentecostés -- Pedro y Juan curan a un cojo de nacimientos -- El primer conflicto de la Iglesia contra las autoridades de Jerusalén -- Ananías y Safira -- Segunda detención de los apóstoles -- Gamaliel -- Los siete Diáconos -- Discurso de Esteban -- Su Martirio -- Felipe entre los Samaritanos -- Conversión del etíope -- Conversión de Saulo -- Actividad pastoral de Pedro. La conversión de Cornelio -- Justificación de Pedro en Jerusalén -- La comunidad de Antioquía -- La persecución de Herodes Agripa -- Primer viaje: I. Misióm de Pablo y Bernabé en Galacia meridional -- Primer viaje: II. Misión de Pablo y Bernabé en Galacia meridional -- La asamblea de Jerusalén -- Segundo viaje : I. Misión en Siria y Cilicia. | |
| 526 | _aSEG42 | ||
| 526 | _aSEG41 | ||
| 526 | _aSEG40 | ||
| 526 | _aSEG39 | ||
| 526 | _aP94 | ||
| 526 | _aP87 | ||
| 526 | _aP86 | ||
| 526 | _aP85 | ||
| 526 | _aP77 | ||
| 526 | _aP76 | ||
| 526 | _aP35 | ||
| 630 |
_aBiblia _pN.T. _pHechos _xComentarios. |
||
| 910 |
_ajck _bjvq _cjck _d20150616 |
||
| 942 |
_2ddc _cBOOK |
||
| 949 |
_a226.6 R53 _wDEWEY _c1 _i14227 _lCCODEBUL1 _mBUL _p22.00 _r0 _sY _tBOOK _u19760402 _xTEOLOGIA _PP35 _0COMPRA _o.STAFF. Colección Teología |
||
| 949 |
_a226.6 R53 _wDEWEY _c2 _i37600 _lCCODEBUL1 _mBUL _p22.00 _r0 _sY _tBOOK _u2015-04-22 _xTEOLOGIA _PP35 _0COMPRA _o.STAFF. Colección Teología |
||
| 949 |
_a226.6 R53 _wDEWEY _c3 _i21861 _lCCODEBUL1 _mBUL _p22.00 _r0 _sY _tBOOK _u2015-04-22 _xTEOLOGIA _PP35 _0COMPRA _o.STAFF. Colección Teología |
||
| 994 |
_aC0 _bPEPRU |
||
| 596 | _a1 | ||
| 999 |
_a226.6 R53 _wDEWEY _c3776 _i14227 _d3776 _f2021-11-9 _g5 _lCCODEBUL1 _mBUL _q1 _r0 _sY _tBOOK _u2015-6-17 _xTEOLOGIA _PP35 _0COMPRA _o.STAFF. Colección General |
||
| 999 |
_a226.6 R53 _wDEWEY _c2 _i37600 _d2018-6-18 _e2017-7-30 _f2021-11-9 _g5 _lCCODEBUL1 _mBUL _n1 _p22.00 _q3 _r0 _sY _tBOOK _u2015-4-22 _xTEOLOGIA _PP35 _0COMPRA _o.STAFF. Colección Teología |
||
| 999 |
_a226.6 R53 _wDEWEY _c3 _i21861 _f2021-11-11 _g5 _lCCODEBUL1 _mBUL _r0 _sY _tBOOK _u2015-4-22 _xTEOLOGIA _PP35 _0COMPRA _o.STAFF. Colección General |
||
| 980 |
_81 _gALBERTO SANCHEZ Responsable de Automatización |
||